00804 2200301 4500001002100000005001500021035002000036007000300056008004100059040001700100100001700117245007200134250001000206300002200216020002200238041000800260082000800268084001400276090001900290260003700309650002600346700002000372850001000392990002500402990002500427990002500452990002500477INLIS00000000000219520260603092729 a0010-0220000046ta260603 0  aSBPUPADbind0 aTegar Satria1 aUnik tapi Fakta :bAneh tapi Nyata /cTegar Satria; Editor: Solicha aCet.1 a180 hlm. ;c19 cm a978-979-17200-2-10 aind a600 a600 TEG u a600 TEG u 15-7 aYogyakarta :bShira Media,c2017 4aTeknologi dan Terapan0 aEditor: Solicha aPUPAD a32.183/APBD/DPK/2019 a32.184/APBD/DPK/2019 a32.186/APBD/DPK/2019 a32.185/APBD/DPK/2019